000 00423nam a2200181Ia 4500
001 18959
005 20260306171708.0
008 260306s9999||||xx |||||||||||||| ||und||
041 _aESP
082 _a658.562
_bV66
100 _aVillalobos Ordaz, Gustavo
_eAUT
245 0 _aControl de calidad
260 _c2008
300 _a126 páginas :
_c27 cm.
650 _aGEN
654 _aCAN
942 _cLIB
_dJUS
_fJUS
_2ddc
_n
999 _c18959
_d18959